Globalization : (Record no. 17725)
[ view plain ]
| 000 -LEADER | |
|---|---|
| fixed length control field | 00969nam a2200313 a 4500 |
| 001 - CONTROL NUMBER | |
| control field | 016229101 |
| 003 - CONTROL NUMBER IDENTIFIER | |
| control field | Uk |
| 005 - DATE AND TIME OF LATEST TRANSACTION | |
| control field | 20131102101152.0 |
| 008 - FIXED-LENGTH DATA ELEMENTS--GENERAL INFORMATION | |
| fixed length control field | 130501s2013 enkab rb 001 0 eng c |
| 015 ## - NATIONAL BIBLIOGRAPHY NUMBER | |
| National bibliography number | GBB2C4668 |
| Source | bnb |
| 020 ## - INTERNATIONAL STANDARD BOOK NUMBER | |
| International Standard Book Number | 0199662665 |
| 020 ## - INTERNATIONAL STANDARD BOOK NUMBER | |
| International Standard Book Number | 9780199662661 |
| 035 ## - SYSTEM CONTROL NUMBER | |
| System control number | (StEdNL)4957722 |
| 040 ## - CATALOGING SOURCE | |
| Original cataloging agency | StDuBDS |
| Language of cataloging | eng |
| Transcribing agency | StDuBDS |
| Modifying agency | StEdNL |
| 042 ## - AUTHENTICATION CODE | |
| Authentication code | ukscp |
| 082 04 - DEWEY DECIMAL CLASSIFICATION NUMBER | |
| Classification number | 337 |
| Edition number | 22 |
| Item number | STE |
| 100 1# - MAIN ENTRY--PERSONAL NAME | |
| Personal name | Steger, Manfred B., |
| Dates associated with a name | 1961- |
| 9 (RLIN) | 23890 |
| 245 10 - TITLE STATEMENT | |
| Title | Globalization : |
| Remainder of title | a very short introduction / |
| Statement of responsibility, etc | Manfred B. Steger. |
| 250 ## - EDITION STATEMENT | |
| Edition statement | 3rd ed. |
| 260 ## - PUBLICATION, DISTRIBUTION, ETC. (IMPRINT) | |
| Place of publication, distribution, etc | Oxford : |
| Name of publisher, distributor, etc | Oxford University Press, |
| Date of publication, distribution, etc | 2013. |
| 300 ## - PHYSICAL DESCRIPTION | |
| Extent | xviii, 151 p. : |
| Other physical details | ill., maps ; |
| Dimensions | 18 cm. |
| 490 1# - Series Statement | |
| Series statement | Very short introductions ; |
| Volume/sequential designation | 86 |
| 504 ## - BIBLIOGRAPHY, ETC. NOTE | |
| Bibliography, etc | Includes bibliographical references (p. 139-145) and index. |
| 650 #0 - SUBJECT ADDED ENTRY--TOPICAL TERM | |
| Topical term or geographic name as entry element | Globalization. |
| 9 (RLIN) | 34349 |
| 653 ## - INDEX TERM--UNCONTROLLED | |
| Resource For college | |
| Arrived date list | November2013 |
| 655 ## - INDEX TERM--GENRE/FORM | |
| Form subdivision | |
| -- | 34232 |
| 830 #0 - SERIES ADDED ENTRY--UNIFORM TITLE | |
| Uniform title | Very short introductions ; |
| Volume number/sequential designation | 86. |
| 9 (RLIN) | 23891 |
| 942 ## - ADDED ENTRY ELEMENTS (KOHA) | |
| Source of classification or shelving scheme | Dewey Decimal Classification |
| Item type | Book - Borrowing |
| Withdrawn status | Item status | Source of classification or shelving scheme | Damaged status | Not for loan | Vendor | Home library | Current library | Shelving location | Date acquired | Source of acquisition | Total Checkouts | Full call number | Barcode | Date last seen | Date last borrowed | Koha item type | Total Renewals |
|---|---|---|---|---|---|---|---|---|---|---|---|---|---|---|---|---|---|
| Dewey Decimal Classification | Baccah | Central Library | Central Library | First floor | 02/11/2013 | 1 | 337 STE | 000029585 | 15/07/2025 | 03/06/2015 | Book - Borrowing | ||||||
| Dewey Decimal Classification | Baccah | Central Library | Central Library | First floor | 02/11/2013 | 1 | 337 STE | 000029584 | 15/07/2025 | 23/10/2016 | Book - Borrowing | 1 |